| 000 | 00897nam a2200313 a 4500 | ||
|---|---|---|---|
| 001 | 9821 | ||
| 003 | CO-ViMGA | ||
| 008 | 141112s2004 ck r 000 u spa d | ||
| 020 | _a9580435340 | ||
| 040 |
_aCO-ViMGA _bspa _cCO-ViMGA |
||
| 082 | 0 | 4 | _a530 V162 V.2 |
| 100 | 1 |
_aValero ; Michel, _911664 |
|
| 245 | 1 | 0 | _aFísica Fundamental 2 |
| 260 |
_aSantafé de Bogotá : _bNorma, _c1996 |
||
| 300 | _a321p. : il | ||
| 500 | _aContiene un Software Optica, más Diskette. | ||
| 505 | _aFísica 11 | ||
| 590 | _aEjemplares : 1, 2, | ||
| 650 | 1 | 4 |
_aDE LA FISICA CLASICA A LA FISICA CUANTICA _911665 |
| 650 | 1 | 4 | _aELECTROMAGNETISMO |
| 650 | 1 | 4 |
_aELECTROSTATICA _952315 |
| 650 | 1 | 4 |
_aFISICA 11 _911666 |
| 650 | 1 | 4 | _aFISICA NUCLEAR |
| 650 | 1 | 4 |
_aMOVIMIENTO PERIODICO _911667 |
| 650 | 1 | 4 |
_aOPTICA FISICA _911668 |
| 650 | 1 | 4 |
_aOPTICA GEOMETRICA _911669 |
| 650 | 1 | 4 | _aSONIDO |
| 942 |
_2ddc _cBK |
||
| 999 |
_c21214 _d21214 |
||